| 000 | 00844cab a2200265 4500 | ||
|---|---|---|---|
| 001 | ABS49038 | ||
| 008 | 090401t1993 xxu||||| |||| 00| 0 eng d | ||
| 035 | _a(Sirsi) u69598 | ||
| 041 | _aeng | ||
| 100 | _aSteel, J. | ||
| 245 | _aNuisance and planning | ||
| 260 | _c1993 | ||
| 350 | _a0 | ||
| 490 |
_aModern Law Review _v56(4) July 1993, 568-574(7) |
||
| 520 | _aTakes the "Gillingham BC v Medway (Chatham) Dock Co Ltd" decision (Abs 46448) as a focus of discussion on the planning issues it raises: public and community interest, land use conflict and nuisance. | ||
| 650 | _aA-G V PYA QUARRIES LTD | ||
| 650 | _aALLEN V GULF OIL REFINING LTD | ||
| 650 | _aLOCALITY | ||
| 650 | _aNOISE | ||
| 650 | _aPLANNING PERMISSION | ||
| 690 | _aPLANNING LAW AND PRACTICE | ||
| 700 | _aJewell, T. | ||
| 942 | _n0 | ||
| 948 | _c04/03/1997 | ||
| 999 |
_c43720 _d43720 |
||